Countries Bordering Unknown Country #21 - Statistics

General Stats
  • This quiz has been taken 562 times
  • The average score is 8 of 8
Answer Stats
Bordering Country Answer % Correct
R Romania
99%
S Serbia
98%
S Slovakia
98%
S Slovenia
98%
U Ukraine
98%
C Croatia
97%
A Austria
95%
Hungary
92%
No matching quizzes found
Score Distribution
Percent of People with Each Score
Percentile by Number Answered
Your Score History
You have not taken this quiz